01140nam a2200193 i 450000100060000000300090000600500170001500700030003200800410003524501570007626000720023330000220030550504900032770000240081770000270084170000280086870000300089685200200092663738ES-MaACL20230906164945.0t|031216s1917 cl ||||1| spa d00aFiesta de la raza, 1492-1916 b: juegos florales organizados por la Colonia Española de Concepción (Chile) / cprólogo de Olegario Sáez Navarro. aConcepción (Chile) : b[s.n.], c1917 (fImp. José V. Soulodre) a339 p. ; c25 cm.8 aContiene: Cómo nacieron los juegos florales / por Bernardino Corral. Composiciones en verso. Medios prácticos de un acercamiento más estrecho entre España y la América española / por Luis Felipe Contardo. La colonización española según las leyes de Indias fue la más humanitaria / por Olegario Sáez. La colonización española según las leyes de Indias fue la más humanitaria / por Angel Clavero Navarro. Homenaje literario a la Reina de los juegos florales1 aCorral, Bernardino.1 aContardo, Luis Felipe.1 aClavero Navarro, Angel.0 aSáez Navarro, Olegario. aES-MaACLjF-950